000 00437nam a22001697a 4500
005 20170920121712.0
008 160630b xxu||||| |||| 00| 0 eng d
020 _a978-93-5014-189-2
041 _aeng
082 _b19979
_a621.43
100 _aSingh DR Sadhu
_93320
245 _aInternal Combustion Engines & gas turbines
260 _bS.K. Kataria & Sons
_c2014
300 _a474
650 _aDiploma Engineering
_9817
942 _cBK
999 _c4958
_d4956